25 Largest Suburbs in the United States - Statistics

General Stats
  • This quiz has been taken 250 times
    205 since last reset
  • The average score is 19 of 25
Answer Stats
Rank Population Metro area Answer % Correct
1 918,915 Dallas Fort Worth, Texas
97%
4 440,646 San Francisco Oakland, California
89%
10 311,527 Minneapolis Saint Paul, Minnesota
89%
2 504,258 Phoenix Mesa, Arizona
87%
5 394,266 Dallas Arlington, Texas
85%
3 466,742 Los Angeles Long Beach, California
84%
7 346,824 Los Angeles Anaheim, California
82%
8 317,610 Las Vegas Henderson, Nevada
81%
6 386,261 Denver Aurora, Colorado
79%
9 311,549 New York City Newark, New Jersey
79%
24 241,361 Phoenix Scottsdale, Arizona
79%
22 248,325 Phoenix Glendale, Arizona
78%
25 238,005 Virginia Beach Norfolk, Virginia
78%
18 262,527 Las Vegas North Las Vegas, Nevada
77%
19 258,308 Tampa St. Petersburg, Florida
76%
14 285,494 Dallas Plano, Texas
75%
13 292,449 New York City Jersey City, New Jersey
72%
15 275,987 Phoenix Chandler, Arizona
69%
16 275,487 San Diego Chula Vista, California
67%
21 249,422 Virginia Beach Chesapeake, Virginia
66%
17 267,918 Phoenix Gilbert, Arizona
65%
12 307,670 Los Angeles Irvine, California
63%
11 310,227 Los Angeles Santa Ana, California
62%
20 256,684 Dallas Irving, Texas
60%
23 246,018 Dallas Garland, Texas
53%
No matching quizzes found
Score Distribution
Percent of People with Each Score
Percentile by Number Answered
Your Score History
You have not taken this quiz since the last reset